000 02302nam a2200409 c 4500
003 BLK
005 20240605181050.0
008 180409b bul|||||r ||||||| ||bul||
010 _aKNG00149333000
020 _a978-954-07-3264-0
_bиздат.: Унив. изд. Климент Охридски - на том (ч. 1)
040 _aBLK
041 _aBUL
_cBUL
072 7 _2bullib
_aН91
_xГеография Н
080 _aГеография на културните аспекти на ландшафта
_b911.3
_x:32(497)
_z911.3:32(497)
080 _aМеждународни политически отношения. Световна политика. Международна политика. Дипломация
_b327
_x:911.3
_z327:911.3
700 1 _aКарастоянов, Стефан Петров
_eавт. и ред.
_9365385
139 _aРегионална и политическа география на балканските страни
_bР 44
245 1 0 _aРегионална и политическа география на балканските страни
_bЧ. 1 -
_cавт. и ред. Стефан Петров Карастоянов.
_nЧ. 1
257 _aBGR
260 София
_c2011 -
300 _c24 см
380 _a91
650 4 _aПолитическа география - Балкански полуостров
_9327898
650 4 _aГеополитика - балкански страни
_9268247
651 4 _aБалкански полуостров
_9178567
653 _aрегионална география
653 _aполитическа география
653 _aбалкански държави
659 _aН
760 1 _3- на том (ч. 1)
_dУнив. изд. Климент Охридски, 2011
_h223 с. : с к., сх., табл.
_nДруги авт.: Мимоза Контева, Петър Петров, Николай Попов, Косьо Стойчев, Десислава Полеганова. - Текст и на англ. ез. - Библиогр. след отд. гл.
_tЧ. 1
852 _aЦб 264217
856 4 _qpdf
_u
856 4 _qpdf
_u
942 _cKNG
_n0
_07
944 _aCR
_c16.08.2013
_k30531
_lЦветелина Шанова
944 _aED
_c20.01.2014
_k
999 _c143217
_d143217